Southville International School and Colleges
Your cart is empty.
  • Cart
  • Lists
    Public lists Eva Luna New books Lux_list list_1
    Your lists Log in to create your own lists
  • Log in to your account
  • Your cookies
  • Search history
Southville International School and Colleges
  • Advanced search
  • Recent comments
  • Most popular
  • Libraries

Log in to your account

Log in with GOOGLE


If you do not have an external account, but do have a local account, you can still log in:

  1. Home
  2. MARC view: Sundays in Manila /
Normal view MARC view ISBD view

Sundays in Manila / (Record no. 18748)

[ view plain ]
MARC details
000 -LEADER
fixed length control field 01162cam a2200349 a 4500
001 - CONTROL NUMBER
control field 16277395
003 - CONTROL NUMBER IDENTIFIER
control field OSt
005 - DATE AND TIME OF LATEST TRANSACTION
control field 20140310183102.0
008 - FIXED-LENGTH DATA ELEMENTS--GENERAL INFORMATION
fixed length control field 100610s2010 ph ab f000 0 eng
010 ## - LIBRARY OF CONGRESS CONTROL NUMBER
LC control number 2010338538
020 ## - INTERNATIONAL STANDARD BOOK NUMBER
International Standard Book Number 9789715426305
040 ## - CATALOGING SOURCE
Original cataloging agency DLC
Transcribing agency DLC
Modifying agency DLC
042 ## - AUTHENTICATION CODE
Authentication code lcode
-- pcc
043 ## - GEOGRAPHIC AREA CODE
Geographic area code a-ph---
050 00 - LIBRARY OF CONGRESS CALL NUMBER
Classification number DS660
Item number .B69 2010
082 ## - DEWEY DECIMAL CLASSIFICATION NUMBER
Classification number F959.9
Item number .B791 2010
100 1# - MAIN ENTRY--PERSONAL NAME
Personal name Boyer, Robert H.,
Dates associated with a name 1937-
245 10 - TITLE STATEMENT
Title Sundays in Manila /
Statement of responsibility, etc Robert H. Boyer ; with sketches by June Poticar Dalisay.
260 ## - PUBLICATION, DISTRIBUTION, ETC. (IMPRINT)
Place of publication, distribution, etc Diliman, Quezon City :
Name of publisher, distributor, etc University of the Philippines Press,
Date of publication, distribution, etc c2010.
300 ## - PHYSICAL DESCRIPTION
Extent xii, 248 p. :
Other physical details ill., maps ;
Dimensions 23 cm.
521 ## - TARGET AUDIENCE NOTE
Target audience note
526 ## - STUDY PROGRAM INFORMATION NOTE
Reading level 1210L-1700L
541 ## - IMMEDIATE SOURCE OF ACQUISITION NOTE
-- 1
562 ## - COPY AND VERSION IDENTIFICATION NOTE
Number of copies For circulation. 1 copy available in the collection
600 10 - SUBJECT ADDED ENTRY--PERSONAL NAME
Personal name Boyer, Robert H.,
Dates associated with a name 1937-
General subdivision Travel
Geographic subdivision Philippines.
651 #0 - SUBJECT ADDED ENTRY--GEOGRAPHIC NAME
Geographic name Philippines
General subdivision Description and travel.
651 #0 - SUBJECT ADDED ENTRY--GEOGRAPHIC NAME
Geographic name Philippines
General subdivision Social life and customs.
700 1# - ADDED ENTRY--PERSONAL NAME
Personal name Dalisay, June Poticar.
906 ## - LOCAL DATA ELEMENT F, LDF (RLIN)
a 7
b cbc
c origode
d 3
e ncip
f 20
g y-gencatlg
942 ## - ADDED ENTRY ELEMENTS (KOHA)
Source of classification or shelving scheme Library of Congress Classification
Koha item type Books
Call number prefix Filipininana
Holdings
Withdrawn status Lost status Source of classification or shelving scheme Damaged status Home library Current library Shelving location Date acquired Total Checkouts Full call number Barcode Date last seen Date checked out Copy number Price effective from Koha item type
    Library of Congress Classification   College Library College Library Filipiniana Section 03/04/2013 1 DS667 .B695 2010 c14857 09/24/2018 09/18/2018 1 03/04/2013 Books

Sundays in Manila /

APA

Boyer R. H., Dalisay J. P., . (2010). Sundays in Manila. Diliman, Quezon City: University of the Philippines Press.

Chicago

Boyer Robert H, Dalisay June Poticar, . 2010. Sundays in Manila. Diliman, Quezon City: University of the Philippines Press.

Harvard

Boyer R. H., Dalisay J. P., . (2010). Sundays in Manila. Diliman, Quezon City: University of the Philippines Press.

MLA

Boyer Robert H, Dalisay June Poticar, . Sundays in Manila. Diliman, Quezon City: University of the Philippines Press. 2010.

  • Place hold
  • Print
  • Cite
  • Add to your cart (remove)
  • Save record
    BIBTEX Dublin Core MARCXML MARC (non-Unicode/MARC-8) MARC (Unicode/UTF-8) MARC (Unicode/UTF-8, Standard) MODS (XML) RIS
  • More searches
    Search for this title in:
    Other Libraries (WorldCat) Other Databases (Google Scholar) Online Stores (Bookfinder.com) Open Library (openlibrary.org)

Exporting to Dublin Core...

SOUTHVILLE LIBRARY

Southville International School and Colleges Library

1281 Tropical Ave. Cor. Luxembourg St., BF Homes International, Las Pinas City

Tel. No. 8256374 / 252358 Loc. 117/146

Powered by Koha